000 01324cam a2200133 4500500
005 20251214002413.0
041 _afre
042 _adc
100 1 0 _aGueniche, Karinne
_eauthor
245 0 0 _aPsychopathologie de l'enfant
260 _bArmand Colin,
_c2016.
520 _aLa psychopathologie de l’enfant a pour objet d’étude les formes spécifiques que revêt la souffrance psychique de l’enfant, à travers une symptomatologie très variée, à la lumière de ses interactions avec son environnement et de ses capacités d’évolution.Cet ouvrage propose une synthèse de la psychopathologie infantile (de la naissance à 10-12 ans) selon une triple démarche qui vise à définir, décrire et interpréter. Il retrace les phases essentielles du développement de l’enfant dans ses dimensions motrice, cognitive et affective, et présente les principales catégories de troubles infantiles ainsi que les grands regroupements nosographiques.Issu de l’expérience clinique de l’auteur, l’ouvrage, réactualisé dans cette 4e édition, répond aux besoins de tous ceux qui, dans le cadre de leurs études ou professions, sont concernés par ces troubles spécifiques de l’enfant.
856 4 1 _uhttps://shs.cairn.info/psychopathologie-de-l-enfant--9782200613167?lang=fr&redirect-ssocas=7080
999 _c1566877
_d1566877